00478nam a2200169Ii 45000010008000000030004000080050017000120080041000290200015000700400013000850820018000981000030001162450074001462600047002203000019002676500022002866938420OSt20181228113750.0801114s1979 oku 000 0 eng d a0892764007 aONUcONU a615.85bH145S1 aHagin, Kenneth E.,d1917-10aSeven things you should know about divine healing /cKenneth E. Hagin aTulsa :bFaith Library Publications,c1979 a71 p. ;c22 cm 0aSpiritual healing